000 01057nam a22003257i 4500
003 DO-SdBNP
005 20240412074310.0
007 ta
008 230417b2001 dr a|||| |||| 00| p spa d
020 _a999342319X
020 _a9789945910438
040 _aDO-SdBNP
_bspa
_cBNPHU
_erda
082 4 _aRD861.44
_bC117co, 2001
_222
100 1 _aCabral, Manuel del,
_d1907-1999
_923556
245 1 0 _aCompadre Mon /
_cManuel del Cabral.
264 _aSanto Domingo :
_bBanreservas,
_c2001.
300 _a213 páginas :
_bilustraciones ;
_c23 cm.
336 _2rdacontent
_atexto
_btxt
337 _2rdamedia
_asin mediación
_bn
338 _2rdacarrier
_avolumen
_bnc
490 0 _aClásicos Nacionales Banreservas
_vII
500 _aLa biblioteca posee
505 _tCompadre Mon: épica e historia. Basilio Belliard --
590 _aInventariado, 2023 /LP
650 0 _aPoesía dominicana
_966
650 0 _aLiteratura dominicana.
_967
710 1 _aBanco de Reservas de la República Dominicana
_96285
910 _aLopérez
942 _2ddc
_cLBS1
999 _c53281
_d53281